Statistics for Highest Countries

Click here to take the quiz!

General Stats

  • This quiz has been taken 18 times
  • The average score is 13 of 15

Answer Stats

HintAnswer% Correct
8849 mChina
100%
8849 mNepal
100%
8611 mPakistan
100%
6960 mArgentina
94%
7570 mBhutan
94%
6893 mChile
94%
6542 mBolivia
88%
8586 mIndia
88%
7492 mAfghanistan
82%
6267 mEcuador
82%
7439 mKyrgyzstan
82%
6768 mPeru
82%
6190.5 mUnited States of America
82%
7495 mTajikistan
76%
7010 mKazakhstan
71%

Score Distribution

Percentile by Number Answered

Percent of People with Each Score

Your Score History

You have not taken this quiz